Estadísticas para Comuna de Chile por letra

Haz click aquí para tomar la prueba!

Estadísticas generales

  • Esta prueba ha sido tomada 86 veces
  • La puntuación promedio es 15 de 23

Estadísticas de respuestas

LetraComuna% Correcto
AArica/Alto Hospicio/Antofagasta/Alto del Carmen/Andacollo/
Algarrobo/Arauco/Antuco/Alto Biobío/Angol/Ancud/Aysén/Antártica/Alhué
94%
CCamarones/Camiña/Colchane/Calama/Copiapó/Caldera/
Chañaral/Coquimbo/Canela/Combarbalá/Casa Blanca/
Concón/Calle Larga/Cabildo/La Calera/Cartagena/Catemu/
Codegua/Coinco/Coltauco/Chépica/Chimbarongo/Constitución/
Curepto/Cauquenes/Chanco/Curicó/Colbún/Chillán/Chillán Viejo/
Cobquecura/Coelemu/Coihueco/Concepción/Coronel/Chiguayante/
Cañete/Contulmo/Curanilahue/Cabrero/Carahue/Cunco/Curarrehue/
Cholchol/Colipulli/Curacautín/Corral/Calbuco/Cochamó/Castro/Chonchi/
Curaco de Vélez/Chaitén/Coyhaique/Cisnes/Cochrane/Chile Chico/
Cabo de Hornos/Cerrillos/Cerro Navia/Conchalí/Colina/Calera de Tango/
Curacaví
94%
LLa Serena/La Higuera/Los Vilos/Los Andes/La Ligua/La Cruz/
Llay-Llay/Limache/Las Cabras/La Estrella/Litueche/Lolol/Licantén/
Linares/Longaví/Lota/Lebu/Los Álamos/Los Ángeles/Laja/Lautaro/
Loncoche/Lonquimay/Los Sauces/Lumaco/Lanco/Los Lagos/La Unión/
Lago Ranco/Los Muermos/Llanquihue/Lago Verde/Laguna Blanca/
La Cisterna/La Florida/La Granja/La Pintana/La Reina/Las Condes/
Lo Barnechea/Lo Espejo/Lo Prado/Lampa
85%
PPutre/Pozo Almonte/Pica/Paihuano/Punitaqui/Puchuncaví/
Papudo/Petorca/Panquehue/Putaendo/Pichidegua/Pichilemu/
Paredones/Palmilla/Peralillo/Placilla/Pumanque/Pelarco/Pencahue/
Pelluhue/Parral/Pemuco/Pinto/Portezuelo/Penco/Padre las Casas/
Perquenco/Pitrufquén/Pucón/Purén/Paillaco/Panguipulli/Puerto Montt/
Puerto Varas/Puqueldón/Puerto Octay/Purranque/Puyehue/Palena/
Punta Arenas/Porvenir/Primavera/Pedro Aguirre Cerda/Peñalolén/
Providencia/Pudahuel/Puente Alto/Pirque/Paine/Padre Hurtado/Peñaflor
81%
SSierra Gorda/San Pedro de Atacama/Salamanca/San Esteban/
Santo Domingo/San Felipe/Santa María/San Vicente/San Fernando/
Santa Cruz/San Clemente/San Rafael/Sagrada Familia/San Javier/
San Ignacio/San Carlos/San Fabián/San Nicolás/San Pedro de la Paz/
Santa Juana/San Rosendo/Santa Bárbara/Saavedra/San Juan de la Costa/
San Pablo/San Gregorio/Santiago/San Joaquín/San Miguel/San Ramón/
San José de Maipo/San Bernardo/San Pedro
81%
VVallenar/Vicuña/Valparaíso/Viña del Mar/Villa Alemana/Vichuquén/
Villa Alegre/Vilcún/Villarrica/Victoria/Valdivia/Vitacura
81%
OOllagüe/Ovalle/Olmué/Olivar/Osorno/O'Higgins
77%
TTaltal/Tocopilla/Tierra Amarilla/Talca/Teno/Treguaco/Talcahuano/Tomé/
Tirúa/Tucapel/Temuco/Teodoro Schmidt/Toltén/Traiguén/Tortel/Timaukel/
Torres del Paine/Til Til/Talagante
75%
IIquique/Illapel/Isla de Pascua/Independencia/Isla de Maipo
73%
MMejillones/María Elena/Monte Patria/Machalí/Malloa/Mostazal/
Marchihue/Maule/Molina/Mulchén/Melipeuco/Máfil/Mariquina/Maullín/Macul/
Maipú/Melipilla/María Pinto
71%
QQuintero/Quillota/Quinta de Tilcoco/Quillón/Quirihue/Quilaco/Quilleco/
Queilén/Quellón/Quemchi/Quinchao/Quilicura/Quinta Normal
71%
RRío Hurtado/Rinconada/Rancagua/Rengo/Requinoa/Río Claro/
Rauco/Romeral/Retiro/Ránquil/Renaico/Río Bueno/Río Negro/Río Ibáñez/
Río Verde/Recoleta/Renca
67%
HHuara/Huasco/Hijuela/Hualañé/Hualqui/Hualpén/Hualaihué/Huechuraba
65%
FFreirina/Florida/Freire/Futrono/Fresia/Frutillar/Futaleufú
63%
ÑÑiquén/Ñuñoa
63%
EEl Quisco/El Tabo/Empedrado/El Carmen/Ercilla/El Bosque/Estación Central/
El Monte
60%
BBulnes/Buin
58%
NNogales/Navidad/Nancagua/Ninhue/Nacimiento/Negrete/
Nueva Imperial/Natales
58%
ZZapallar
48%
DDiego de Almagro/Doñihue/Dalcahue
46%
GGeneral Lagos/Granero/Galvarino/Gorbea/Guaitecas
44%
YYerbas Buenas/Yungay/Yumbel
38%
JJuan Fernández
31%

Distribución de puntuación

Porcentaje por número respondido

Porcentaje de gente con cada puntuación

Historial de tus puntuaciones

No has tomado esta prueba